MARC

LEADER 00000nam0a2200000 4500
001 335375
005 20231102004740.0
035 |a (RuTPU)RU\TPU\book\361741 
090 |a 335375 
100 |a 20170921d1960 k y0rusy50 ca 
101 0 |a rus 
102 |a RU 
105 |a y z 001zy 
200 1 |a Полярографический анализ нитроциклогексана  |e отдельный оттиск  |f Я. И. Турьян [и др.] 
210 |a Москва  |c [Б. и.]  |d 1960 
215 |a 4 с.  |c ил. 
225 1 |a Заводская лаборатория  |v Т. 26, № 7 
320 |a Библиогр. в конце ст. 
606 1 |a Нитросоединения  |x Полярографический анализ  |2 stltpush  |3 (RuTPU)RU\TPU\subj\75923  |9 87450 
610 1 |a органическая химия 
610 1 |a алициклические соединения 
610 1 |a нитроциклогексан 
610 1 |a полярография 
610 1 |a оттиски 
610 1 |a библиотека А. Г. Стромберга 
675 |a 547.1-304  |v 4 
701 1 |a Турьян  |b Я. И. 
701 1 |a Тюрин  |b Ю. М. 
701 1 |a Зайцев  |b П. М. 
701 1 |a Караваева  |b Е. А. 
801 1 |a RU  |b 63413507  |c 20170921 
801 2 |a RU  |b 63413507  |c 20171213  |g RCR 
942 |c BK